[Event "HUN-chT2 Szechenyi 1011"]
[Site "Hungary"]
[Date "2011.04.10"]
[Round "8.7"]
[White "Solyomvari, Roxanne"]
[Black "Gombos, Bettina"]
[Result "1/2-1/2"]
[WhiteElo "2006"]
[BlackElo "1913"]
[PlyCount "112"]
[EventDate "2010.09.12"]
[EventType "team-tourn"]
[EventRounds "11"]
[EventCountry "HUN"]
[SourceTitle "EXT 2012"]
[Source "ChessBase"]
[SourceDate "2011.11.24"]
[SourceVersion "1"]
[SourceVersionDate "2011.11.24"]
[SourceQuality "1"]
[WhiteTeam "Alsoszolnok"]
[BlackTeam "Sarvar"]
[WhiteTeamCountry "HUN"]
[BlackTeamCountry "HUN"]

1. c4 Nf6 2. Nf3 e6 3. Nc3 b6 4. e4 d6 5. d4 Bb7 6. Bd3 Nbd7 7. 0-0 e5 8. d5 Be7 9. Ne1 0-0 10. Bc2 Ba6 11. Qe2 Bb7 12. b4 c6 13. Ba4 Rc8 14. Bb2 a6 15. Bb3 g6 16. a4 cxd5 17. cxd5 Nh5 18. Nd3 f5 19. exf5 Rxf5 20. Ne4 Ndf6 21. Nxf6+ Nxf6 22. g4 Nxg4 23. f3 Nf6 24. Nxe5 dxe5 25. d6+ Bd5 26. dxe7 Qxe7 27. Qxa6 Rf8 28. Bxd5+ Nxd5 29. Qc4 Rd8 30. Rad1 Rf4 31. Qa2 Qe6 32. b5 Rd6 33. Rde1 Rf5 34. Qb3 Rg5+ 35. Kh1 Qh3 36. Rf2 Qe6 37. Qc4 Nf4 38. Qxe6+ Rxe6 39. Rd2 Rh5 40. Re4 Kf7 41. Bxe5 Rhxe5 42. Rxf4+ Ke7 43. Rc4 Rg5 44. h4 Rh5 45. Kg2 Kf6 46. Rdc2 Kf5 47. Kg3 g5 48. hxg5 Rxg5+ 49. Kf2 Rh5 50. Rg4 Rh1 51. Rg2 Ra1 52. Rc7 Ra2+ 53. Kg1 Ra1+ 54. Kf2 Ra2+ 55. Kg1 Ra1+ 56. Kf2 Ra2+ 1/2-1/2

[Event "HUN-chT2 Szechenyi 1011"]
[Site "Hungary"]
[Date "2010.11.21"]
[Round "6.7"]
[White "Solyomvari, Roxanne"]
[Black "Schleinig, Pal"]
[Result "0-1"]
[WhiteElo "2006"]
[BlackElo "1993"]
[PlyCount "72"]
[EventDate "2010.09.12"]
[EventType "team-tourn"]
[EventRounds "11"]
[EventCountry "HUN"]
[SourceTitle "EXT 2012"]
[Source "ChessBase"]
[SourceDate "2011.11.24"]
[SourceVersion "1"]
[SourceVersionDate "2011.11.24"]
[SourceQuality "1"]
[WhiteTeam "Alsoszolnok"]
[BlackTeam "Spartacus"]
[WhiteTeamCountry "HUN"]
[BlackTeamCountry "HUN"]

1. c4 g6 2. Nf3 Bg7 3. e3 d6 4. Qc2 e5 5. d3 Nf6 6. Nbd2 0-0 7. Be2 b6 8. d4 Nc6 9. d5 Nb4 10. Qa4 a5 11. a3 Bd7 12. Qd1 Na6 13. b3 Nc5 14. Bb2 Qe7 15. 0-0 Nh5 16. Ne1 Nf6 17. f3 Nh5 18. Ne4 f5 19. Nxc5 bxc5 20. Qd2 f4 21. Bd1 Bh6 22. e4 Qh4 23. Nd3 Nf6 24. Qf2 Qh5 25. Bc3 g5 26. Be1 Kh8 27. g4 fxg3 28. Qxg3 g4 29. Kh1 Nxe4 30. Qg2 Nf6 31. fxg4 Bxg4 32. Bxg4 Nxg4 33. Rxf8+ Rxf8 34. Bxa5 Qf5 35. Rg1 Ne3 36. Qe2 Qe4+ 0-1

[Event "HUN-chT2 Charousek 0910"]
[Site "Hungary"]
[Date "2010.05.02"]
[Round "11"]
[White "Toth, Gergely"]
[Black "Solyomvari, Roxanne"]
[Result "1-0"]
[WhiteElo "2067"]
[BlackElo "2019"]
[PlyCount "37"]
[EventDate "2009.11.08"]
[EventType "team-tourn"]
[EventRounds "11"]
[EventCountry "HUN"]
[SourceTitle "EXT 2011"]
[Source "ChessBase"]
[SourceDate "2010.11.26"]
[SourceVersion "1"]
[SourceVersionDate "2010.11.26"]
[SourceQuality "1"]
[WhiteTeam "Paks II"]
[BlackTeam "Alsoszolnok"]
[WhiteTeamCountry "HUN"]
[BlackTeamCountry "HUN"]

1. e4 c5 2. Nf3 d6 3. d4 cxd4 4. Qxd4 a6 5. Be3 Nc6 6. Qd2 Nf6 7. Nc3 e6 8. 0-0-0 b5 9. e5 dxe5 10. Qxd8+ Nxd8 11. Nxe5 Be7 12. Be2 0-0 13. Bf3 Bb7 14. Rxd8 Raxd8 15. Bxb7 b4 16. Ne4 Rb8 17. Bc6 Rbc8 18. f3 Bd6 19. Nxd6 1-0

[Event "HUN-chT2 Charousek 0910"]
[Site "Hungary"]
[Date "2009.12.20"]
[Round "4"]
[White "Rovid, Kalman"]
[Black "Solyomvari, Roxanne"]
[Result "1-0"]
[WhiteElo "2273"]
[BlackElo "2019"]
[PlyCount "43"]
[EventDate "2009.11.08"]
[EventType "team-tourn"]
[EventRounds "11"]
[EventCountry "HUN"]
[SourceTitle "EXT 2011"]
[Source "ChessBase"]
[SourceDate "2010.11.26"]
[SourceVersion "1"]
[SourceVersionDate "2010.11.26"]
[SourceQuality "1"]
[WhiteTeam "Haladas II"]
[BlackTeam "Alsoszolnok"]
[WhiteTeamCountry "HUN"]
[BlackTeamCountry "HUN"]

1. e4 c5 2. c3 Nc6 3. d4 cxd4 4. cxd4 d6 5. Nc3 Nf6 6. h3 a6 7. Nf3 e6 8. Bd3 Be7 9. 0-0 0-0 10. Be3 b5 11. a3 Bb7 12. b4 Rc8 13. Rc1 Qd7 14. Nd2 Ne8 15. f4 Bf6 16. Nb3 Nc7 17. e5 dxe5 18. dxe5 Nd5 19. exf6 Nxe3 20. Bxh7+ Kxh7 21. Qxd7 Nxf1 22. Qxb7 1-0

[Event "HUN-chT2 Szechenyi 0809"]
[Site "Hungary"]
[Date "2009.01.11"]
[Round "5.6"]
[White "Domotor, Jozsef"]
[Black "Solyomvari, Roxanne"]
[Result "1/2-1/2"]
[WhiteElo "2042"]
[BlackElo "2007"]
[PlyCount "30"]
[EventDate "2008.10.26"]
[EventType "tourn"]
[EventRounds "11"]
[EventCountry "HUN"]
[SourceTitle "EXT 2010"]
[Source "ChessBase"]
[SourceDate "2010.11.25"]
[SourceVersion "1"]
[SourceVersionDate "2010.11.25"]
[SourceQuality "1"]
[WhiteTeam "Kervaros"]
[BlackTeam "Haladas"]
[WhiteTeamCountry "HUN"]
[BlackTeamCountry "HUN"]

1. d4 Nf6 2. Nf3 g6 3. g3 Bg7 4. Bg2 0-0 5. 0-0 d5 6. c4 Nbd7 7. Nbd2 c5 8. cxd5 Nxd5 9. dxc5 Nxc5 10. Nb3 Ne6 11. Ng5 Ndc7 12. Qc2 Qd6 13. Rd1 Qe5 14. Nf3 Qb5 15. e4 Qc6 1/2-1/2

[Event "HUN-chT2 Szechenyi 0809"]
[Site "Hungary"]
[Date "2008.12.21"]
[Round "4.5"]
[White "Pfeifer, David"]
[Black "Solyomvari, Roxanne"]
[Result "1/2-1/2"]
[WhiteElo "1967"]
[BlackElo "2007"]
[PlyCount "20"]
[EventDate "2008.10.26"]
[EventType "tourn"]
[EventRounds "11"]
[EventCountry "HUN"]
[SourceTitle "EXT 2010"]
[Source "ChessBase"]
[SourceDate "2010.11.25"]
[SourceVersion "1"]
[SourceVersionDate "2010.11.25"]
[SourceQuality "1"]
[WhiteTeam "Ajka Banyasz"]
[BlackTeam "Haladas"]
[WhiteTeamCountry "HUN"]
[BlackTeamCountry "HUN"]

1. e4 c5 2. Nc3 d6 3. g3 Nf6 4. Bg2 Nc6 5. d3 a6 6. h3 e6 7. Be3 Be7 8. Nge2 d5 9. exd5 exd5 10. d4 c4 1/2-1/2

[Event "HUN-chT 0708"]
[Site "Hungary"]
[Date "2008.04.27"]
[Round "10"]
[White "Fusthy, Zsolt"]
[Black "Solyomvari, Roxanne"]
[Result "1-0"]
[WhiteElo "2291"]
[BlackElo "2004"]
[PlyCount "63"]
[EventDate "2007.10.14"]
[EventType "team-tourn"]
[EventRounds "11"]
[EventCountry "HUN"]
[SourceTitle "EXT 2009"]
[Source "ChessBase"]
[SourceDate "2008.11.26"]
[SourceVersion "1"]
[SourceVersionDate "2008.11.26"]
[SourceQuality "1"]
[WhiteTeam "Statisztika"]
[BlackTeam "Haladas"]
[WhiteTeamCountry "HUN"]
[BlackTeamCountry "HUN"]

1. c4 c5 2. Nc3 Nc6 3. g3 Nf6 4. Bg2 e6 5. Nf3 d5 6. cxd5 Nxd5 7. Qa4 Nb6 8. Qe4 Be7 9. 0-0 Bf6 10. b3 Nd5 11. Bb2 Ncb4 12. Rac1 0-0 13. Ne5 Bg5 14. Rfd1 Qe7 15. f4 Bf6 16. a3 Nxc3 17. dxc3 Nd5 18. c4 Nb6 19. Rc2 Qc7 20. Rcd2 a5 21. a4 Ra6 22. h4 h6 23. e3 Re8 24. Bf1 Na8 25. Bd3 Kf8 26. Bc2 Nb6 27. Qh7 Ke7 28. g4 Ra8 29. g5 hxg5 30. hxg5 Bxe5 31. Bxe5 Qc6 32. Qxg7 1-0

[Event "HUN-chT2 Szechenyi 0607"]
[Site "Hungary"]
[Date "2006.12.03"]
[Round "3"]
[White "Solyomvari, Roxanne"]
[Black "Geroly, Jozsef"]
[Result "1-0"]
[WhiteElo "2005"]
[BlackElo "2094"]
[PlyCount "82"]
[EventDate "2006.11.12"]
[EventType "team-tourn"]
[EventRounds "11"]
[EventCountry "HUN"]
[SourceTitle "EXT 2008"]
[Source "ChessBase"]
[SourceDate "2007.11.25"]
[SourceVersion "1"]
[SourceVersionDate "2007.11.25"]
[SourceQuality "1"]
[WhiteTeam "Haladas II"]
[BlackTeam "Veszprem"]
[WhiteTeamCountry "HUN"]
[BlackTeamCountry "HUN"]

1. e4 g6 2. d4 Bg7 3. Nc3 d6 4. Be3 a6 5. a4 b6 6. Nf3 Bb7 7. Bc4 Nf6 8. e5 dxe5 9. dxe5 Qxd1+ 10. Rxd1 Ng4 11. e6 f6 12. Bf4 Ne5 13. Bxe5 fxe5 14. Bd5 c6 15. Be4 0-0 16. h4 Bf6 17. g4 Bc8 18. g5 Bg7 19. h5 Bxe6 20. hxg6 hxg6 21. Nh4 Bf5 22. Nxg6 Bxg6 23. Bxg6 Ra7 24. Ne4 Rd7 25. Ra1 a5 26. Ra3 Rf4 27. Rb3 Rd4 28. Nc3 Rb4 29. Rxb4 Rxb4 30. b3 Rg4 31. Ne4 Nd7 32. Bf5 Rf4 33. Be6+ Kf8 34. Ng3 Nc5 35. Bc4 e4 36. Ne2 Rg4 37. Rh5 e6 38. Kd2 Kf7 39. Ng3 Kg6 40. Be2 Rxg5 41. Rh4 Bh6 1-0

[Event "HUN-chT2 Szechenyi 0506"]
[Site "Hungary"]
[Date "2006.04.09"]
[Round "10"]
[White "Toth, Laszlo4"]
[Black "Solyomvari, Roxanne"]
[Result "1/2-1/2"]
[WhiteElo "2249"]
[BlackElo "1996"]
[PlyCount "63"]
[EventDate "2005.10.16"]
[EventType "team-tourn"]
[EventRounds "11"]
[EventCountry "HUN"]
[SourceTitle "EXT 2009"]
[Source "ChessBase"]
[SourceDate "2008.11.26"]
[SourceVersion "1"]
[SourceVersionDate "2008.11.26"]
[SourceQuality "1"]
[WhiteTeam "Lovo"]
[BlackTeam "HVSE Infraplan II"]
[WhiteTeamCountry "HUN"]
[BlackTeamCountry "HUN"]

1. d4 Nf6 2. c4 g6 3. Nc3 d5 4. Nf3 Bg7 5. Bg5 Ne4 6. e3 c5 7. Bf4 cxd4 8. exd4 Nxc3 9. bxc3 Nc6 10. cxd5 Qxd5 11. Be2 0-0 12. 0-0 Rd8 13. Qb3 Qe4 14. Qxf7+ Kh8 15. Be3 Be6 16. Ng5 Bxf7 17. Nxe4 e5 18. Bg5 Rf8 19. Nd6 exd4 20. Nxf7+ Rxf7 21. cxd4 Nxd4 22. Bc4 Rf5 23. Be3 Nc2 24. Rac1 Nxe3 25. fxe3 Bh6 26. Rce1 Rc5 27. Bb3 Re8 28. Rf3 Rce5 29. Kf2 b5 30. Rh3 Bg5 31. Rf3 Bh6 32. Rh3 1/2-1/2

[Event "HUN-chT2 Szechenyi 0506"]
[Site "Hungary"]
[Date "2006.03.19"]
[Round "9"]
[White "Vincze, Otto"]
[Black "Solyomvari, Roxanne"]
[Result "0-1"]
[WhiteElo "2035"]
[BlackElo "1996"]
[PlyCount "124"]
[EventDate "2005.10.16"]
[EventType "team-tourn"]
[EventRounds "11"]
[EventCountry "HUN"]
[SourceTitle "EXT 2009"]
[Source "ChessBase"]
[SourceDate "2008.11.26"]
[SourceVersion "1"]
[SourceVersionDate "2008.11.26"]
[SourceQuality "1"]
[WhiteTeam "Ajka Banyasz"]
[BlackTeam "HVSE Infraplan II"]
[WhiteTeamCountry "HUN"]
[BlackTeamCountry "HUN"]

1. e4 c5 2. c3 d5 3. exd5 Qxd5 4. d4 cxd4 5. cxd4 Nc6 6. Nf3 e6 7. Nc3 Bb4 8. Be2 Nge7 9. 0-0 Qd8 10. Bg5 0-0 11. Qb3 Qa5 12. Be3 Nf5 13. a3 Be7 14. Rfd1 Rd8 15. Qc4 Nd6 16. Qa2 Bf6 17. b4 Qc7 18. Rac1 Qe7 19. b5 Nb8 20. Ne5 Nd7 21. f4 Nf5 22. Bf2 g5 23. Ne4 gxf4 24. Rc7 Bxe5 25. dxe5 Qf8 26. Rcxd7 Bxd7 27. Nf6+ Kh8 28. Rxd7 Rxd7 29. Nxd7 Qe7 30. Nf6 Qc7 31. Qb2 Rc8 32. Ng4 Qc1+ 33. Qxc1 Rxc1+ 34. Bf1 h5 35. g3 hxg4 36. gxf4 b6 37. Kg2 Ra1 38. Be2 Ra2 39. Kf1 Nh6 40. Bh4 Nf5 41. Bf6+ Kh7 42. Ke1 Rxa3 43. Bxg4 Ra1+ 44. Kf2 Ra2+ 45. Kg1 Nd4 46. h4 Nxb5 47. f5 Nd4 48. fxe6 fxe6 49. Bd8 b5 50. Be7 Rc2 51. Kf1 Rc4 52. Bd1 Rc1 53. Ke1 Nf3+ 54. Ke2 Nxe5 55. Bb3 Rc6 56. Kd2 a5 57. Bf6 Nd7 58. Bb2 a4 59. Bc2+ Kg8 60. h5 e5 61. Ba3 Ra6 62. Bd3 Rb6 0-1

[Event "HUN-chT 0405"]
[Site "Hungary"]
[Date "2005.12.05"]
[Round "4"]
[White "Solyomvari, Roxanne"]
[Black "Istvanovszky, Martin"]
[Result "0-1"]
[WhiteElo "1986"]
[BlackElo "1987"]
[PlyCount "66"]
[EventDate "2004.09.26"]
[EventType "team-tourn"]
[EventRounds "11"]
[EventCountry "HUN"]
[SourceTitle "EXT 2011"]
[Source "ChessBase"]
[SourceDate "2010.11.26"]
[SourceVersion "1"]
[SourceVersionDate "2010.11.26"]
[SourceQuality "1"]
[WhiteTeam "Haladas"]
[BlackTeam "Hajduboszormeny"]
[WhiteTeamCountry "HUN"]
[BlackTeamCountry "HUN"]

1. e4 c5 2. Nf3 g6 3. d4 cxd4 4. Nxd4 Bg7 5. Be3 Nc6 6. Nc3 d6 7. Qd2 Nf6 8. f3 0-0 9. 0-0-0 Bd7 10. Bc4 Ne5 11. Bb3 Rc8 12. h4 a5 13. a3 Nc4 14. Bxc4 Rxc4 15. g4 Qc7 16. Nde2 Be6 17. Bh6 b5 18. Bxg7 Kxg7 19. h5 g5 20. Qxg5+ Kh8 21. Qh6 Rc8 22. Nf4 Rxc3 23. bxc3 Qxc3 24. Rh2 Qxa3+ 25. Kd2 Qc3+ 26. Ke2 Bc4+ 27. Nd3 Qxc2+ 28. Rd2 Qc1 29. Qe3 b4 30. Kf2 Bxd3 31. Qxd3 b3 32. g5 b2 33. Rd1 Rc2+ 0-1

[Event "HUN-ch U18 Girls"]
[Site "Balatonlelle"]
[Date "2005.06.29"]
[Round "1"]
[White "Remete, Zsuzsa"]
[Black "Solyomvari, Roxanne"]
[Result "1-0"]
[WhiteElo "2067"]
[BlackElo "2003"]
[PlyCount "65"]
[EventDate "2005.06.29"]
[EventType "tourn"]
[EventRounds "11"]
[EventCountry "HUN"]
[SourceTitle "EXT 2008"]
[Source "ChessBase"]
[SourceDate "2007.11.25"]
[SourceVersion "1"]
[SourceVersionDate "2007.11.25"]
[SourceQuality "1"]

1. e4 c5 2. Nf3 d6 3. d4 cxd4 4. Nxd4 Nf6 5. Nc3 a6 6. f4 e5 7. Nf3 Nbd7 8. a4 exf4 9. Bxf4 Qb6 10. b3 Be7 11. Bc4 Ng4 12. Qd2 Nde5 13. Nd5 Qd8 14. Be2 Nxf3+ 15. gxf3 Bh4+ 16. Bg3 Ne5 17. 0-0-0 Bxg3 18. hxg3 Be6 19. Nf4 Ke7 20. Nxe6 fxe6 21. f4 Nc6 22. f5 e5 23. Qd5 Qd7 24. g4 Nd4 25. Bc4 Rac8 26. Rxd4 exd4 27. Qxd4 Rxc4 28. Qxg7+ Kd8 29. Qxh8+ Kc7 30. Rxh7 Rxe4 31. Rxd7+ Kxd7 32. f6 Rf4 33. Qg7+ 1-0

[Event "HUN-chT2 Szechenyi 0405"]
[Site "Hungary"]
[Date "2005.04.10"]
[Round "10"]
[White "Solyomvari, Roxanne"]
[Black "Neuberger, Attila"]
[Result "0-1"]
[WhiteElo "1986"]
[BlackElo "2012"]
[PlyCount "112"]
[EventDate "2004.09.26"]
[EventType "team-tourn"]
[EventRounds "11"]
[EventCountry "HUN"]
[SourceTitle "EXT 2009"]
[Source "ChessBase"]
[SourceDate "2008.11.26"]
[SourceVersion "1"]
[SourceVersionDate "2008.11.26"]
[SourceQuality "1"]
[WhiteTeam "Haladas II"]
[BlackTeam "Flesch"]
[WhiteTeamCountry "HUN"]
[BlackTeamCountry "HUN"]

1. e4 c5 2. Nf3 d6 3. d4 cxd4 4. Nxd4 Nf6 5. Nc3 a6 6. Bg5 e6 7. f4 Nbd7 8. Qf3 Qc7 9. 0-0-0 Be7 10. g4 h6 11. Bxf6 Nxf6 12. g5 hxg5 13. fxg5 Nd7 14. g6 Ne5 15. gxf7+ Nxf7 16. Qg4 Bg5+ 17. Kb1 e5 18. Ne6 Bxe6 19. Qxe6+ Qe7 20. Bc4 Qxe6 21. Bxe6 Rd8 22. Nd5 Rh6 23. Bf5 Nh8 24. Rhg1 Bf6 25. Nxf6+ gxf6 26. Rg8+ Ke7 27. Rxd8 Kxd8 28. Rxd6+ Kc7 29. Rd7+ Kc6 30. h3 Ng6 31. Rf7 Nf4 32. Bc8 b6 33. Bxa6 Nxh3 34. a4 Ng5 35. Bb5+ Kc5 36. Rc7+ Kd4 37. Bd3 Rh1+ 38. Ka2 Rh4 39. Rc6 Nxe4 40. Rxb6 f5 41. Rb4+ Ke3 42. a5 Rh7 43. a6 Nd6 44. Rb6 Rd7 45. Kb3 e4 46. Bf1 Kf2 47. Bb5 Nxb5 48. Rxb5 f4 49. Rb7 Rd8 50. a7 Ra8 51. Kc3 f3 52. b4 e3 53. b5 e2 54. Re7 Rxa7 55. Rxa7 e1Q+ 56. Kc4 Qe4+ 0-1

[Event "HUN-chT2 Szechenyi 0405"]
[Site "Hungary"]
[Date "2005.01.23"]
[Round "6"]
[White "Solyomvari, Roxanne"]
[Black "Hlavacs, Krisztian"]
[Result "1/2-1/2"]
[WhiteElo "1986"]
[BlackElo "2009"]
[PlyCount "45"]
[EventDate "2004.09.26"]
[EventType "team-tourn"]
[EventRounds "11"]
[EventCountry "HUN"]
[SourceTitle "EXT 2009"]
[Source "ChessBase"]
[SourceDate "2008.11.26"]
[SourceVersion "1"]
[SourceVersionDate "2008.11.26"]
[SourceQuality "1"]
[WhiteTeam "Haladas II"]
[BlackTeam "Tapolca II"]
[WhiteTeamCountry "HUN"]
[BlackTeamCountry "HUN"]

1. e4 g6 2. d4 Bg7 3. Nf3 d6 4. Nc3 c6 5. h3 Nf6 6. Bd3 0-0 7. 0-0 Nbd7 8. Bg5 Qc7 9. Qd2 e5 10. Bh6 Re8 11. Bxg7 Kxg7 12. Rae1 Nf8 13. Kh1 Nh5 14. Ne2 Ne6 15. Bc4 h6 16. Bxe6 Bxe6 17. Qc3 Bd7 18. Rd1 Rad8 19. dxe5 dxe5 20. Rd5 f6 21. Rfd1 Be6 22. Rxd8 Rxd8 23. Rd2 1/2-1/2

[Event "Wch U16 Girls"]
[Site "Heraklion"]
[Date "2004.11.06"]
[Round "3"]
[White "Solyomvari, Roxanne"]
[Black "Martirosyan, Lia"]
[Result "1-0"]
[WhiteElo "1998"]
[BlackElo "2146"]
[PlyCount "49"]
[EventDate "2004.11.04"]
[EventType "swiss"]
[EventRounds "11"]
[EventCountry "GRE"]
[SourceTitle "EXT 2005"]
[Source "ChessBase"]
[SourceDate "2004.11.15"]
[SourceVersion "1"]
[SourceVersionDate "2004.11.15"]
[SourceQuality "1"]

1. e4 c5 2. Nf3 d6 3. d4 cxd4 4. Nxd4 Nf6 5. Nc3 a6 6. Bg5 e6 7. f4 Be7 8. Qf3 Qc7 9. 0-0-0 Nbd7 10. g4 b5 11. Bxf6 Nxf6 12. g5 Nd7 13. f5 Bxg5+ 14. Kb1 Ne5 15. Qh5 Bf6 16. Nxe6 Bxe6 17. fxe6 Rc8 18. Bh3 g6 19. Qe2 fxe6 20. Bxe6 Rd8 21. Nd5 Qg7 22. Qf2 Rf8 23. Qb6 Bg5 24. Qxa6 Rf2 25. Qxb5+ 1-0

[Event "HUN-chT2 Szechenyi 0405"]
[Site "Hungary"]
[Date "2004.10.10"]
[Round "2"]
[White "Solyomvari, Roxanne"]
[Black "Mihalyfi, Gabor"]
[Result "1/2-1/2"]
[WhiteElo "1986"]
[BlackElo "2158"]
[PlyCount "132"]
[EventDate "2004.09.26"]
[EventType "team-tourn"]
[EventRounds "11"]
[EventCountry "HUN"]
[SourceTitle "EXT 2009"]
[Source "ChessBase"]
[SourceDate "2008.11.26"]
[SourceVersion "1"]
[SourceVersionDate "2008.11.26"]
[SourceQuality "1"]
[WhiteTeam "Haladas II"]
[BlackTeam "Ajka Banyasz"]
[WhiteTeamCountry "HUN"]
[BlackTeamCountry "HUN"]

1. e4 e6 2. d4 d5 3. exd5 exd5 4. Nf3 Bf5 5. c4 c6 6. Qb3 Qb6 7. Qxb6 axb6 8. Nc3 Bb4 9. cxd5 cxd5 10. Bb5+ Nc6 11. 0-0 Nge7 12. Na4 Ra5 13. Nc3 Bxc3 14. Bxc6+ bxc6 15. bxc3 f6 16. Re1 Kd7 17. Nd2 Rha8 18. a3 Ra4 19. Ra2 Nc8 20. h3 Nd6 21. Re3 Re8 22. Rxe8 Nxe8 23. Nf1 Nd6 24. Ng3 Bg6 25. f4 Nb5 26. f5 Bf7 27. Ne2 c5 28. Rb2 Kc6 29. Rc2 Rc4 30. dxc5 bxc5 31. Bb2 Ra4 32. Bc1 Rc4 33. Bb2 Kd6 34. Rd2 Ra4 35. Bc1 Ke5 36. Rb2 Nd6 37. g4 h5 38. Rb6 Nc8 39. Rb7 Ra7 40. Rb8 Ne7 41. Bf4+ Ke4 42. Bd6 hxg4 43. hxg4 Kf3 44. Bxc5 Rc7 45. Bb6 Rd7 46. Rf8 Nc6 47. Rc8 Ne5 48. Nd4+ Kxg4 49. Kg2 Nc4 50. Bc5 Rb7 51. Kf2 Kf4 52. Bb4 Bh5 53. Rd8 Ke4 54. Rh8 Bd1 55. Rh4+ Ke5 56. Ke1 Ba4 57. Ke2 Bd7 58. Rh5 Rb8 59. Kf3 Nd2+ 60. Ke3 Nc4+ 61. Kf3 Ra8 62. Rh2 Bxf5 63. Nc6+ Ke6 64. Nd4+ Ke5 65. Nc6+ Ke6 66. Nd4+ Ke5 1/2-1/2